[Event "XXXVI Capablanca Mem Premier I"]
[Site "Havana CUB"]
[Date "2001.05.05"]
[Round "1"]
[White "Pecorelli Garcia,H"]
[Black "Franco Ocampos,Z"]
[Result "1-0"]
[WhiteElo "2430"]
[BlackElo "2496"]
[EventDate "2001.05.05"]

1. c4 e5 2. g3 Nf6 3. Bg2 d5 4. cxd5 Nxd5 5. Nf3 Nc6 6. O-O Nb6 7. d3 Be7
8. Nbd2 O-O 9. a3 a5 10. b3 Be6 11. Bb2 f6 12. Qc2 Qd7 13. Rfd1 Rfd8 14.
Nc4 Nxc4 15. bxc4 a4 16. d4 exd4 17. Nxd4 Nxd4 18. Rxd4 Qc8 19. Rxd8+ Bxd8
20. Be4 h6 21. Bd4 c6 22. Rb1 Be7 23. Qc3 Qd7 24. c5 Rd8 25. e3 Bb3 26. Bd3
Kh8 27. Bc2 Bd5 28. Qd3 Bg8 29. Qg6 Qc7 30. Rb4 Rd5 31. Rxa4 Qc8 32. h4 Qf8
33. Be4 Rd8 34. Ra7 Rb8 35. Qf5 b6 36. cxb6 c5 37. Bc3 Rxb6 38. a4 Rb3 39.
Ra8 Rb8 40. Rxb8 Qxb8 41. a5 Qd6 42. Qc8 Bd8 43. a6 1-0

[Event "XXXVI Capablanca Mem Premier I"]
[Site "Havana CUB"]
[Date "2001.05.05"]
[Round "1"]
[White "Valdes,Lu"]
[Black "Borges Mateos,J"]
[Result "0-1"]
[WhiteElo "2413"]
[BlackElo "2436"]
[EventDate "2001.05.05"]

1. d4 d5 2. c4 dxc4 3. e3 Nf6 4. Bxc4 e6 5. Nf3 a6 6. a4 c5 7. O-O Nc6 8.
Qe2 cxd4 9. Rd1 Be7 10. exd4 O-O 11. Nc3 Nb4 12. Ne5 b6 13. Qf3 Ra7 14. Bg5
Bb7 15. Qh3 Nfd5 16. Bd2 Bg5 17. Nxd5 Nxd5 18. Qg3 Bxd2 19. Rxd2 Ra8 20.
Rdd1 Qe7 21. Rac1 Rfd8 22. Nd3 Rac8 23. a5 bxa5 24. Nc5 Nb4 25. Nxb7 Qxb7
26. Qe5 Qb6 27. Bf1 Nd5 28. Qe2 Rxc1 29. Rxc1 Nb4 30. Qe5 g6 31. Qc5 Rb8
32. Qxb6 Rxb6 33. Rc5 Nc6 34. d5 exd5 35. Rxd5 Rxb2 36. Bxa6 a4 37. Bc4 a3
38. h4 a2 39. Bxa2 Rxa2 40. h5 Ra1+ 41. Kh2 Ra5 0-1

[Event "XXXVI Capablanca Mem Premier I"]
[Site "Havana CUB"]
[Date "2001.05.05"]
[Round "1"]
[White "Garcia Martinez,S"]
[Black "Mateo,Ra"]
[Result "1/2-1/2"]
[WhiteElo "2378"]
[BlackElo "2420"]
[EventDate "2001.05.05"]

1. d4 Nf6 2. c4 d6 3. Nc3 Nbd7 4. Nf3 e5 5. g3 Be7 6. Bg2 c6 7. O-O O-O 8.
e4 Re8 9. Re1 a6 10. Rb1 Qc7 11. h3 b5 12. cxb5 axb5 13. b4 Nb6 14. Qc2
1/2-1/2

[Event "XXXVI Capablanca Mem Premier I"]
[Site "Havana CUB"]
[Date "2001.05.06"]
[Round "2"]
[White "Franco Ocampos,Z"]
[Black "Mateo,Ra"]
[Result "1-0"]
[WhiteElo "2496"]
[BlackElo "2420"]
[EventDate "2001.05.05"]

1. d4 Nf6 2. Nf3 e6 3. e3 b6 4. Bd3 Bb7 5. O-O Be7 6. c4 O-O 7. Nc3 d5 8.
b3 Nbd7 9. Bb2 c5 10. cxd5 exd5 11. Ne5 Ne4 12. Ne2 Ndf6 13. f3 Ng5 14. Ng3
Rc8 15. Nf5 Ne6 16. f4 g6 17. Nh6+ Kg7 18. Nhxf7 Rxf7 19. f5 Nf8 20. dxc5
bxc5 21. fxg6 Nxg6 22. Bxg6 hxg6 23. Qd3 Kg8 24. Nxf7 Kxf7 25. e4 c4 26.
Qh3 Kg7 27. exd5 c3 28. Bxc3 Qxd5 29. Rae1 Qc5+ 30. Kh1 Rf8 31. Qd7 Bxg2+
32. Kxg2 Qxc3 33. Rxe7+ 1-0

[Event "XXXVI Capablanca Mem Premier I"]
[Site "Havana CUB"]
[Date "2001.05.06"]
[Round "2"]
[White "Vazquez,R"]
[Black "Garcia Martinez,S"]
[Result "1-0"]
[WhiteElo "2393"]
[BlackElo "2378"]
[EventDate "2001.05.05"]

1. e4 c5 2. Nf3 d6 3. d4 cxd4 4. Nxd4 Nf6 5. Nc3 a6 6. Be2 e5 7. Nb3 Be7 8.
O-O O-O 9. Be3 Be6 10. Qd2 Nc6 11. Rfd1 b5 12. a4 Nb4 13. Bf3 Rc8 14. Rac1
h6 15. h3 Re8 16. Kh2 Rc4 17. g3 Nc6 18. Qe1 Nd7 19. Nd2 Rb4 20. b3 Nd4 21.
Bg2 Nc5 22. Nf1 f5 23. Na2 Rxa4 24. bxa4 Bxa2 25. c3 1-0

[Event "XXXVI Capablanca Mem Premier I"]
[Site "Havana CUB"]
[Date "2001.05.06"]
[Round "2"]
[White "Quezada,Y"]
[Black "Valdes,Lu"]
[Result "1-0"]
[WhiteElo "2474"]
[BlackElo "2413"]
[EventDate "2001.05.05"]

1. e4 e5 2. Nf3 Nc6 3. Bb5 Nf6 4. Qe2 Be7 5. O-O d6 6. c3 O-O 7. Rd1 Bd7 8.
d4 Qe8 9. d5 Nb8 10. Bd3 c6 11. c4 Na6 12. Nc3 Nc5 13. Bc2 cxd5 14. cxd5 a5
15. Be3 Rc8 16. a4 Bd8 17. h3 Nh5 18. Nd2 Nf4 19. Bxf4 exf4 20. Nc4 Bc7 21.
Qf3 f5 22. exf5 Bxf5 23. Bxf5 Rxf5 24. Nb5 Qg6 25. Re1 Rf7 26. Re2 Bb8 27.
b3 Nxb3 28. Rae1 Rxc4 29. Re8+ Rf8 30. Rxf8+ Kxf8 31. Qxb3 Re4 32. Rc1 Qe8
33. Qc3 Rxa4 34. Nd4 1-0

[Event "XXXVI Capablanca Mem Premier I"]
[Site "Havana CUB"]
[Date "2001.05.06"]
[Round "2"]
[White "Pecorelli Garcia,H"]
[Black "Reinaldo Castineira,R"]
[Result "1-0"]
[WhiteElo "2430"]
[BlackElo "2425"]
[EventDate "2001.05.05"]

1. c4 e5 2. Nc3 Bb4 3. g3 Bxc3 4. bxc3 d6 5. Bg2 Ne7 6. Rb1 Nd7 7. Nf3 O-O
8. O-O b6 9. Qc2 Rb8 10. Ng5 g6 11. d4 h6 12. Nh3 Kg7 13. f4 f5 14. fxe5
dxe5 15. c5 bxc5 16. Rxb8 Nxb8 17. dxe5 Nec6 18. Qa4 Nxe5 19. Qxa7 Na6 20.
Nf4 Qd6 21. Bb7 Bxb7 22. Qxb7 Rb8 23. Qg2 Nc4 24. e4 Rf8 25. Qe2 Ne5 26.
Rd1 Qc6 27. Nd5 c4 1-0

[Event "XXXVI Capablanca Mem Premier I"]
[Site "Havana CUB"]
[Date "2001.05.07"]
[Round "3"]
[White "Mateo,Ra"]
[Black "Vazquez,R"]
[Result "0-1"]
[WhiteElo "2420"]
[BlackElo "2393"]
[EventDate "2001.05.05"]

1. e4 c5 2. Nf3 e6 3. d4 cxd4 4. Nxd4 Qb6 5. Nb3 Qc7 6. Bd3 Nf6 7. Qe2 d6
8. O-O Be7 9. Bg5 h6 10. Bd2 a6 11. Kh1 Nbd7 12. f4 b6 13. c4 Bb7 14. Nc3
g6 15. Rae1 h5 16. Be3 h4 17. Kg1 Kf8 18. Bd4 Kg8 19. e5 Nh5 20. Be4 Rh7
21. Qf3 Rb8 22. Bxb7 Rxb7 23. Ne4 dxe5 24. fxe5 Rb8 25. Nd6 Nxe5 26. Bxe5
Bxd6 27. Bxd6 Qxd6 28. Rd1 Qc7 29. Nd4 Rc8 30. b4 e5 31. Nc6 e4 32. Qxe4
Qxc6 33. Rd8+ Kg7 34. Qe5+ Kh6 35. Qe3+ g5 36. Rxc8 Qxc8 37. Qxb6+ f6 38.
b5 axb5 39. cxb5 Rf7 40. a4 Nf4 41. a5 Qa8 42. Rf2 Kg7 43. a6 Rd7 44. h3
Qe4 0-1

[Event "XXXVI Capablanca Mem Premier I"]
[Site "Havana CUB"]
[Date "2001.05.08"]
[Round "4"]
[White "Franco Ocampos,Z"]
[Black "Vazquez,R"]
[Result "1/2-1/2"]
[WhiteElo "2496"]
[BlackElo "2393"]
[EventDate "2001.05.05"]

1. c4 g6 2. g3 Bg7 3. Bg2 d6 4. Nc3 e5 5. e4 Nc6 6. Nge2 Nge7 7. d3 O-O 8.
O-O Be6 9. Nd5 Rb8 10. Be3 b5 11. b3 a6 12. Rc1 Qd7 13. d4 bxc4 14. Nxe7+
Nxe7 15. d5 Bh3 16. Rxc4 Bxg2 17. Kxg2 f5 18. f3 fxe4 19. fxe4 Rxf1 20.
Qxf1 c6 21. dxc6 Nxc6 22. Qd1 Kh8 23. Nc3 Ne7 24. Bg5 Nc6 25. Nd5 Rf8 26.
Be3 Nd4 27. Rc7 Qe6 28. b4 h5 29. Re7 Qc8 30. Rc7 Qe6 31. a4 h4 32. Bxd4
exd4 33. Re7 h3+ 34. Kg1 Qc8 35. Rc7 Qe6 36. Re7 Qc8 37. Rc7 Qe6 1/2-1/2

[Event "XXXVI Capablanca Mem Premier I"]
[Site "Havana CUB"]
[Date "2001.05.08"]
[Round "4"]
[White "Pazos Gambarrotti,P"]
[Black "Mateo,Ra"]
[Result "1/2-1/2"]
[WhiteElo "2421"]
[BlackElo "2420"]
[EventDate "2001.05.05"]

1. d4 Nf6 2. c4 e6 3. Nf3 c5 4. e3 b6 5. Nc3 cxd4 6. exd4 Bb7 7. Bd3 Bb4 8.
O-O O-O 9. Re1 h6 10. a3 Bxc3 11. bxc3 Qc7 12. Ne5 d6 13. Ng4 Nbd7 14. Re3
Rfe8 15. Rg3 Kf8 16. a4 Qc6 17. Ne3 Kg8 18. Ng4 Kf8 19. Ne3 Kg8 1/2-1/2

[Event "XXXVI Capablanca Mem Premier I"]
[Site "Havana CUB"]
[Date "2001.05.08"]
[Round "4"]
[White "Quezada,Y"]
[Black "Leyva,R"]
[Result "1-0"]
[WhiteElo "2474"]
[BlackElo "2400"]
[EventDate "2001.05.05"]

1. Nf3 d6 2. g3 g6 3. Bg2 Bg7 4. O-O e5 5. d3 f5 6. c4 Nf6 7. Nc3 O-O 8.
Rb1 Nc6 9. b4 h6 10. b5 Ne7 11. e4 Be6 12. exf5 gxf5 13. Re1 Ng6 14. a4 c5
15. bxc6 bxc6 16. Nd2 d5 17. Ba3 Re8 18. cxd5 Nxd5 19. Ne2 Qc7 20. Qc2 h5
21. Nd4 Rac8 22. Nxe6 Rxe6 23. Nb3 Bf8 24. Nd4 Rf6 25. Nxc6 Ndf4 26. Qa2+
Kh8 27. Nxe5 Nxe5 28. Rbc1 Qb8 29. Rxc8 Qxc8 30. Rxe5 Nxd3 31. Rd5 Qc3 32.
Rd8 Kg7 33. Rd7+ Kh6 34. Bxf8+ Rxf8 35. Qe6+ Rf6 36. Qe3+ 1-0

[Event "XXXVI Capablanca Mem Premier I"]
[Site "Havana CUB"]
[Date "2001.05.08"]
[Round "4"]
[White "Pecorelli Garcia,H"]
[Black "Valdes,Lu"]
[Result "0-1"]
[WhiteElo "2430"]
[BlackElo "2413"]
[EventDate "2001.05.05"]

1. c4 e6 2. Nc3 b6 3. d4 Bb7 4. a3 Nf6 5. Nf3 d5 6. Bg5 Be7 7. Bxf6 Bxf6 8.
cxd5 exd5 9. g3 O-O 10. Bg2 c5 11. O-O Nc6 12. dxc5 Bxc3 13. bxc3 bxc5 14.
Qc2 Qe7 15. Rfd1 Rad8 16. h4 h6 17. Ne1 Ne5 18. Nd3 Nxd3 19. Rxd3 Rd7 20.
Qa4 Rfd8 21. e3 Rd6 22. Qd1 Qd7 23. Rd2 Ba6 24. Rb1 Bc4 25. e4 d4 26. e5
Rb6 27. Rc1 d3 28. Be4 Bb3 29. Rxd3 Bxd1 30. Rcxd1 Qxd3 31. Bxd3 Kf8 32.
Kf1 c4 33. Be2 Rxd1+ 34. Bxd1 Rb3 0-1

[Event "XXXVI Capablanca Mem Premier I"]
[Site "Havana CUB"]
[Date "2001.05.10"]
[Round "5"]
[White "Gongora,M"]
[Black "Franco Ocampos,Z"]
[Result "0-1"]
[WhiteElo "2417"]
[BlackElo "2496"]
[EventDate "2001.05.05"]

1. e4 g6 2. d4 Bg7 3. Nf3 d6 4. Nc3 Nf6 5. Be3 O-O 6. Qd2 c6 7. Bd3 b5 8.
h3 Nbd7 9. a4 b4 10. Ne2 a5 11. Ng3 e5 12. c3 bxc3 13. bxc3 exd4 14. cxd4
c5 15. O-O cxd4 16. Bxd4 Nc5 17. Bc2 Bb7 18. Rfe1 Re8 19. Bxc5 dxc5 20.
Rad1 Qxd2 21. Rxd2 Rad8 22. Rxd8 Rxd8 23. Bb3 Nd7 24. Rd1 Bf6 25. Rd6 Kg7
26. Kf1 Be7 27. Rd1 Nb6 28. Rb1 Ba6+ 29. Kg1 Bd3 30. Rc1 c4 31. Bd1 Ba3 32.
Ra1 Bb2 0-1

[Event "XXXVI Capablanca Mem Premier I"]
[Site "Havana CUB"]
[Date "2001.05.10"]
[Round "5"]
[White "Valdes,Lu"]
[Black "Reinaldo Castineira,R"]
[Result "0-1"]
[WhiteElo "2413"]
[BlackElo "2425"]
[EventDate "2001.05.05"]

1. Nf3 e6 2. g3 c5 3. Bg2 Nc6 4. c4 g6 5. d4 Bg7 6. dxc5 Qa5+ 7. Nc3 Bxc3+
8. bxc3 Nge7 9. Nd2 O-O 10. O-O Qxc5 11. Qa4 Qe5 12. Ba3 Rd8 13. Ne4 d5 14.
Rad1 f5 15. cxd5 exd5 16. Ng5 h6 17. Nf3 Qxc3 18. Rd3 Qf6 19. Rfd1 b6 20.
Nd4 Bb7 21. Nxc6 Nxc6 22. Rxd5 Rxd5 23. Bxd5+ Kh7 24. Qf4 Rd8 25. Rd2 Qa1+
26. Kg2 Qe5 0-1

[Event "XXXVI Capablanca Mem Premier I"]
[Site "Havana CUB"]
[Date "2001.05.10"]
[Round "5"]
[White "Garcia Martinez,S"]
[Black "Quezada,Y"]
[Result "1/2-1/2"]
[WhiteElo "2378"]
[BlackElo "2474"]
[EventDate "2001.05.05"]

1. e4 c5 2. Nf3 d6 3. d4 cxd4 4. Nxd4 Nf6 5. Nc3 a6 6. Be2 e5 7. Nb3 Be7 8.
O-O O-O 9. Bg5 Be6 10. Bxf6 Bxf6 11. Nd5 Bg5 12. a4 b6 1/2-1/2

[Event "XXXVI Capablanca Mem Premier I"]
[Site "Havana CUB"]
[Date "2001.05.11"]
[Round "6"]
[White "Franco Ocampos,Z"]
[Black "Pazos Gambarrotti,P"]
[Result "1-0"]
[WhiteElo "2496"]
[BlackElo "2421"]
[EventDate "2001.05.05"]

1. c4 e5 2. g3 Nc6 3. Bg2 g6 4. Nc3 Bg7 5. e4 d6 6. Nge2 h5 7. h4 Nge7 8.
d3 Nd4 9. Nxd4 exd4 10. Ne2 a6 11. O-O Rb8 12. b4 b5 13. cxb5 Rxb5 14. a3
O-O 15. Bg5 Bg4 16. f3 Be6 17. Rc1 Qd7 18. Qa4 Ra8 19. Nf4 c5 20. Nxe6 Qxe6
21. bxc5 dxc5 22. Qc4 Qxc4 23. Rxc4 Bf8 24. a4 Rb2 25. Rxc5 Nf5 26. Rc6
Nxg3 27. Rf2 Ne2+ 28. Kh2 Ba3 29. e5 Re8 30. f4 Reb8 31. Rxa6 Bf8 32. Ra8
Nxf4 33. Rxb2 1-0

[Event "XXXVI Capablanca Mem Premier I"]
[Site "Havana CUB"]
[Date "2001.05.11"]
[Round "6"]
[White "Quezada,Y"]
[Black "Mateo,Ra"]
[Result "1/2-1/2"]
[WhiteElo "2474"]
[BlackElo "2420"]
[EventDate "2001.05.05"]

1. e4 c5 2. Nf3 e6 3. d3 Nc6 4. g3 g6 5. Bg2 Bg7 6. O-O Nge7 7. Nbd2 O-O 8.
h4 d5 9. Re1 e5 10. h5 Bg4 11. hxg6 hxg6 12. c3 d4 1/2-1/2

[Event "XXXVI Capablanca Mem Premier I"]
[Site "Havana CUB"]
[Date "2001.05.11"]
[Round "6"]
[White "Pecorelli Garcia,H"]
[Black "Leyva,R"]
[Result "1-0"]
[WhiteElo "2430"]
[BlackElo "2400"]
[EventDate "2001.05.05"]

1. c4 g6 2. Nc3 d6 3. g3 e5 4. Bg2 Nc6 5. Rb1 Be6 6. d3 Qd7 7. b4 Bg7 8. b5
Nd8 9. e3 c6 10. bxc6 bxc6 11. Ba3 f5 12. Nge2 h5 13. h4 Nf6 14. Qa4 O-O
15. d4 e4 16. O-O c5 17. Qa6 Qc8 18. Qxd6 cxd4 19. Nxd4 Bxc4 20. Rfc1 Nf7
21. Qb4 Bd3 22. Nxe4 fxe4 23. Rxc8 Rfxc8 24. Rd1 Rab8 25. Qa5 Ng4 26. Bh3
Nfe5 27. Bd6 Rb5 28. Nxb5 Nf3+ 29. Kg2 Nxe3+ 30. Kh1 Rc2 31. Qd8+ Kh7 32.
Be6 Rxf2 33. Bg8+ 1-0

[Event "XXXVI Capablanca Mem Premier I"]
[Site "Havana CUB"]
[Date "2001.05.11"]
[Round "6"]
[White "Reinaldo Castineira,R"]
[Black "Perez,Rod"]
[Result "0-1"]
[WhiteElo "2425"]
[BlackElo "2471"]
[EventDate "2001.05.05"]

1. e4 e5 2. Nf3 Nc6 3. d4 exd4 4. Nxd4 Bc5 5. Nxc6 Qf6 6. Qd2 dxc6 7. Nc3
Ne7 8. Qf4 Be6 9. Qxf6 gxf6 10. f4 f5 11. Bd2 O-O-O 12. O-O-O Rhg8 13. g3
h5 14. Bh3 h4 15. Na4 Bf2 16. Bb4 Rxd1+ 17. Kxd1 hxg3 18. hxg3 Kd8 19. Nc5
Bxc5 20. Bxc5 Rxg3 21. exf5 Nxf5 22. Bxf5 Bxf5 23. Rh2 b6 24. Rd2+ Kc8 25.
Bd4 c5 26. Be5 Rg1+ 27. Ke2 Ra1 28. a3 Rc1 29. c3 c4 30. Ke3 Re1+ 31. Re2
Rb1 32. Rg2 Kd7 33. Rd2+ Bd3 34. Rg2 c5 35. Bb8 Kc6 36. Rg7 Re1+ 37. Kf3
Bg6 38. Rg8 Bh5+ 39. Kf2 Re2+ 40. Kg3 Rxb2 41. Bxa7 Rb3 42. Rb8 Rxc3+ 43.
Kh4 Rb3 44. Bxb6 Rxb6 45. Rc8+ Kd5 46. Kxh5 c3 47. Rd8+ 0-1

[Event "XXXVI Capablanca Mem Premier I"]
[Site "Havana CUB"]
[Date "2001.05.11"]
[Round "6"]
[White "Gongora,M"]
[Black "Valdes,Lu"]
[Result "1/2-1/2"]
[WhiteElo "2417"]
[BlackElo "2413"]
[EventDate "2001.05.05"]

1. e4 e5 2. Nf3 Nc6 3. c3 Nf6 4. d4 Nxe4 5. d5 Nb8 6. Bd3 Nc5 7. Nxe5 Nxd3+
8. Nxd3 Be7 9. O-O O-O 10. Qf3 d6 11. Be3 Nd7 12. Bd4 Bf6 13. Bxf6 Qxf6 14.
Nd2 Qxf3 15. Nxf3 Nb6 16. Nf4 Bg4 17. Rfd1 Bxf3 18. gxf3 Rfe8 19. h4 Re5
20. Rd4 Rae8 21. Kf1 g6 22. a4 a5 23. b3 h6 24. Rad1 Kg7 25. Ng2 h5 26. Ne3
Kf6 27. Kg2 R5e7 28. Rf4+ Kg7 29. Nc4 Nxc4 30. Rxc4 Kf6 31. Rf4+ Kg7 32.
Rc4 Kf6 33. Rf4+ Kg7 34. Rc4 Kf6 35. Rf4+ Kg7 1/2-1/2

[Event "XXXVI Capablanca Mem Premier I"]
[Site "Havana CUB"]
[Date "2001.05.12"]
[Round "7"]
[White "Valdes,Lu"]
[Black "Franco Ocampos,Z"]
[Result "1/2-1/2"]
[WhiteElo "2413"]
[BlackElo "2496"]
[EventDate "2001.05.05"]

1. d4 d5 2. c4 e6 3. Nc3 Nf6 4. Bg5 Be7 5. Nf3 h6 6. Bxf6 Bxf6 7. cxd5 exd5
8. e3 O-O 9. Be2 c6 10. O-O Re8 1/2-1/2

[Event "XXXVI Capablanca Mem Premier I"]
[Site "Havana CUB"]
[Date "2001.05.12"]
[Round "7"]
[White "Leyva,R"]
[Black "Reinaldo Castineira,R"]
[Result "0-1"]
[WhiteElo "2400"]
[BlackElo "2425"]
[EventDate "2001.05.05"]

1. e4 e6 2. d4 d5 3. Nc3 Bb4 4. e5 c5 5. a3 Bxc3+ 6. bxc3 Ne7 7. Nf3 Qa5 8.
Bd2 Bd7 9. Rb1 Qc7 10. h4 Ba4 11. dxc5 Nd7 12. Rb4 Bc6 13. h5 Nxe5 14. h6
g6 15. Bf4 Nxf3+ 16. Qxf3 e5 17. Bg5 Ng8 18. Bf6 e4 0-1

[Event "XXXVI Capablanca Mem Premier I"]
[Site "Havana CUB"]
[Date "2001.05.12"]
[Round "7"]
[White "Garcia Martinez,S"]
[Black "Pecorelli Garcia,H"]
[Result "1/2-1/2"]
[WhiteElo "2378"]
[BlackElo "2430"]
[EventDate "2001.05.05"]

1. e4 e6 2. d4 d5 3. Nd2 Nf6 4. e5 Nfd7 5. c3 c5 6. Bd3 Nc6 7. Ne2 cxd4 8.
cxd4 f6 9. exf6 Nxf6 10. O-O Bd6 11. Nf3 1/2-1/2

[Event "XXXVI Capablanca Mem Premier I"]
[Site "Havana CUB"]
[Date "2001.05.12"]
[Round "7"]
[White "Mateo,Ra"]
[Black "Szekely,P"]
[Result "1/2-1/2"]
[WhiteElo "2420"]
[BlackElo "2429"]
[EventDate "2001.05.05"]

1. e4 c5 2. Nf3 d6 3. d4 cxd4 4. Nxd4 Nf6 5. Nc3 a6 6. f4 e5 7. Nf3 Qc7 8.
a4 Be7 9. Bd3 Nc6 10. O-O Nb4 11. Qe1 O-O 12. Kh1 Be6 13. Nh4 Rad8 14. a5
Rfe8 15. Be3 Qc6 16. Ra4 d5 17. Bb6 1/2-1/2

[Event "XXXVI Capablanca Mem Premier I"]
[Site "Havana CUB"]
[Date "2001.05.12"]
[Round "7"]
[White "Pazos Gambarrotti,P"]
[Black "Borges Mateos,J"]
[Result "1-0"]
[WhiteElo "2421"]
[BlackElo "2436"]
[EventDate "2001.05.05"]

1. d4 f5 2. g3 Nf6 3. Bg2 c6 4. Nh3 d6 5. O-O g6 6. c4 Bg7 7. Nc3 O-O 8. d5
Bd7 9. e4 fxe4 10. Ng5 Na6 11. Ncxe4 Qb6 12. a3 Nc7 13. Qa4 Rad8 14. dxc6
Bxc6 15. Qc2 Nxe4 16. Bxe4 h6 17. Nh3 Ne6 18. Bd5 Bxd5 19. cxd5 Nd4 20.
Qxg6 Ne2+ 21. Kg2 Nxc1 22. Qe6+ Rf7 23. Raxc1 Qxb2 24. Rc7 Re8 25. Nf4 Qxa3
26. Rfc1 Qb2 27. Rc8 Rxc8 28. Rxc8+ Bf8 29. Qxh6 a5 30. Ra8 Qc2 31. h4 1-0

[Event "XXXVI Capablanca Mem Premier I"]
[Site "Havana CUB"]
[Date "2001.05.14"]
[Round "8"]
[White "Franco Ocampos,Z"]
[Black "Borges Mateos,J"]
[Result "1-0"]
[WhiteElo "2496"]
[BlackElo "2436"]
[EventDate "2001.05.05"]

1. c4 c5 2. Nf3 g6 3. d4 cxd4 4. Nxd4 Nc6 5. e4 Bg7 6. Be3 Nf6 7. Nc3 d6 8.
Be2 O-O 9. O-O Bd7 10. Qd2 Nxd4 11. Bxd4 Bc6 12. Bd3 a6 13. Rfe1 Nd7 14.
Bxg7 Kxg7 15. Re3 Qa5 16. Rh3 h5 17. a3 Rac8 18. Re1 Ne5 19. b4 Qb6 20. Be2
a5 21. b5 Bd7 22. Nd5 Qc5 23. Rc3 Rfe8 24. h3 f6 25. Nf4 h4 26. Rec1 g5 27.
Nd5 Be6 28. Ne3 Qb6 29. Kh2 Rc5 30. f4 gxf4 31. Nf5+ Bxf5 32. exf5 Rh8 33.
Qxf4 Nf7 34. Re3 Rxf5 35. c5 Rxf4 36. cxb6 e5 37. Rc7 d5 38. Rxb7 Kg6 39.
Rc3 Rf2 40. Bg4 Nd6 41. Rd7 Ne4 42. Rf3 Rxf3 43. Bxf3 Nc3 44. Bxd5 Nxd5 45.
Rxd5 Rb8 46. Rd6 e4 47. Kg1 Kf5 48. Kf2 a4 49. Ke3 Ke5 50. Rc6 f5 51. Rc5+
Ke6 52. Kf4 Rxb6 53. Re5+ Kd7 54. Kxf5 e3 55. Kg4 Rg6+ 56. Kxh4 Rxg2 57.
Rxe3 Ra2 58. Kg4 Kc7 59. h4 Rg2+ 60. Rg3 Rb2 61. h5 1-0

[Event "XXXVI Capablanca Mem Premier I"]
[Site "Havana CUB"]
[Date "2001.05.14"]
[Round "8"]
[White "Quezada,Y"]
[Black "Pazos Gambarrotti,P"]
[Result "1-0"]
[WhiteElo "2474"]
[BlackElo "2421"]
[EventDate "2001.05.05"]

1. Nf3 c5 2. g3 d5 3. Bg2 Nc6 4. d3 Nf6 5. Nbd2 e6 6. O-O Be7 7. e4 O-O 8.
e5 Nd7 9. Re1 b5 10. h4 a5 11. Nf1 b4 12. Bf4 a4 13. a3 bxa3 14. bxa3 Rb8
15. Ne3 Nd4 16. c4 dxc4 17. dxc4 Nb6 18. Ng5 Qe8 19. Ng4 Nxc4 20. Nf6+ Bxf6
21. exf6 Rb3 22. Nxh7 Bb7 23. Qh5 g6 24. Qh6 Nf5 25. Qxf8+ Qxf8 26. Nxf8
Bxg2 27. Kxg2 Kxf8 28. Rac1 1-0

[Event "XXXVI Capablanca Mem Premier I"]
[Site "Havana CUB"]
[Date "2001.05.14"]
[Round "8"]
[White "Pecorelli Garcia,H"]
[Black "Mateo,Ra"]
[Result "1/2-1/2"]
[WhiteElo "2430"]
[BlackElo "2420"]
[EventDate "2001.05.05"]

1. c4 e5 2. Nc3 Nf6 3. g3 Bb4 4. Bg2 O-O 5. Nf3 Re8 6. O-O e4 7. Ne1 Bxc3
8. dxc3 d6 9. Nc2 Nc6 10. Bg5 h6 11. Bxf6 Qxf6 12. Ne3 Bf5 13. f4 h5 14. h3
Qg6 15. Qe1 a5 16. Rd1 a4 17. Nxf5 Qxf5 18. Rd5 Qf6 19. Rxh5 Na5 20. g4 g6
21. Rb5 Nxc4 22. Rxb7 d5 23. Qf2 Rab8 24. g5 Qf5 25. Qa7 Rxb7 26. Qxb7 Ne3
27. Rf2 Nd1 28. Rf1 Ne3 29. Rf2 Nd1 1/2-1/2

[Event "XXXVI Capablanca Mem Premier I"]
[Site "Havana CUB"]
[Date "2001.05.15"]
[Round "9"]
[White "Perez,Rod"]
[Black "Franco Ocampos,Z"]
[Result "1/2-1/2"]
[WhiteElo "2471"]
[BlackElo "2496"]
[EventDate "2001.05.05"]

1. e4 g6 2. d4 Bg7 3. Nf3 d6 4. Nc3 Nf6 5. Be2 O-O 6. O-O c5 7. dxc5 dxc5
8. Be3 b6 9. Qc1 Bb7 10. Rd1 Qc8 11. Nd5 Nc6 12. Nxf6+ 1/2-1/2

[Event "XXXVI Capablanca Mem Premier I"]
[Site "Havana CUB"]
[Date "2001.05.15"]
[Round "9"]
[White "Garcia Martinez,S"]
[Black "Gongora,M"]
[Result "1/2-1/2"]
[WhiteElo "2378"]
[BlackElo "2417"]
[EventDate "2001.05.05"]

1. e4 c5 2. Nf3 Nc6 3. d4 cxd4 4. Nxd4 Nf6 5. Nc3 e5 6. Ndb5 d6 7. Bg5 a6
8. Na3 b5 9. Nd5 Be7 10. Bxf6 Bxf6 11. c3 Bg5 12. Nc2 Rb8 13. a4 bxa4 14.
Ncb4 Bd7 15. Bxa6 Nxb4 16. cxb4 O-O 17. O-O Bc6 18. Bc4 Bxd5 19. Bxd5 Rxb4
20. Rxa4 Rxb2 21. Ra7 Qf6 22. g3 g6 23. Qa1 Rd2 24. Ra2 Rxa2 25. Qxa2 Rc8
26. Qb3 Kg7 27. Ra1 Rc1+ 28. Rxc1 Bxc1 29. Qc3 Bg5 30. h4 Bh6 31. Kg2 Qe7
32. Qb2 Kg8 33. Qb7 Qf6 34. Qb8+ Bf8 35. Qe8 h5 36. Qd7 Kg7 37. Qc8 Be7 38.
Qe8 Bf8 39. Qd7 Be7 40. Qe8 Bf8 1/2-1/2

[Event "XXXVI Capablanca Mem Premier I"]
[Site "Havana CUB"]
[Date "2001.05.15"]
[Round "9"]
[White "Mateo,Ra"]
[Black "Reinaldo Castineira,R"]
[Result "1-0"]
[WhiteElo "2420"]
[BlackElo "2425"]
[EventDate "2001.05.05"]

1. e4 e6 2. d4 d5 3. Nd2 Nf6 4. e5 Nfd7 5. f4 c5 6. c3 Nc6 7. Ne2 Qb6 8.
Nf3 cxd4 9. cxd4 Bb4+ 10. Nc3 f6 11. a3 Be7 12. Na4 Qc7 13. Bd3 a6 14. O-O
b5 15. Nc3 Nb6 16. Kh1 b4 17. Ne2 bxa3 18. bxa3 Na5 19. f5 exf5 20. Bf4 Qd8
21. Ng3 O-O 22. Nxf5 fxe5 23. Nxe7+ Qxe7 24. Nxe5 Bf5 25. Bxf5 Rxf5 26. Qb1
Qe6 27. Qb4 Nac4 28. Bg3 Raf8 29. Rxf5 Qxf5 30. h3 Qe4 31. Qe7 Ne3 32. Qe6+
Kh8 33. Rg1 Nf5 34. Bh2 Nxd4 35. Qxb6 Ne2 36. Qe6 g6 37. Nf7+ Kg8 38. Nh6+
Kg7 39. Qxe4 dxe4 40. Re1 Nf4 41. Ng4 Nd3 42. Be5+ Kg8 43. Nh6+ 1-0

[Event "XXXVI Capablanca Mem Premier I"]
[Site "Havana CUB"]
[Date "2001.05.16"]
[Round "10"]
[White "Franco Ocampos,Z"]
[Black "Quezada,Y"]
[Result "1-0"]
[WhiteElo "2496"]
[BlackElo "2474"]
[EventDate "2001.05.05"]

1. d4 Nf6 2. Nf3 e6 3. e3 b6 4. Bd3 Bb7 5. O-O Be7 6. c4 c5 7. Nc3 d6 8. d5
exd5 9. cxd5 O-O 10. e4 a6 11. a4 Nbd7 12. h3 Re8 13. Bf4 Bf8 14. Re1 h6
15. Bf1 Bc8 16. Bh2 Ne5 17. Nd2 g5 18. Bxe5 Rxe5 19. Nc4 Re8 20. Qb3 Nd7
21. Be2 Rb8 22. Bg4 Qc7 23. Bxd7 Bxd7 24. e5 dxe5 25. d6 Qb7 26. Nxe5 Be6
27. Qd1 Bg7 28. Qh5 Rbd8 29. Ng4 Kh7 30. Ne4 Bxg4 31. Qxg4 Qd5 32. Rad1 Qe5
33. Qf3 Kg8 34. a5 bxa5 35. Rd5 Qxb2 36. Red1 Re5 37. Nxc5 a4 38. Nxa4 Qb4
39. Nc5 Re1+ 40. Kh2 Be5+ 41. g3 Rxd1 42. Qxd1 Rxd6 43. Rxd6 Qxc5 44. Rd8+
Kg7 45. Kg2 a5 46. Qf3 Bc3 47. Qa8 Qc4 48. Rc8 Qd4 49. Qf3 Bb4 50. Rc7 Qf6
51. Qxf6+ Kxf6 52. Rc6+ Kg7 53. Kf3 Be1 54. Rc1 Bd2 55. Rc2 Bb4 56. Kg4 Bf8
57. Rc4 Kg6 58. Rc6+ f6 59. Ra6 Bb4 60. Kf3 Kf5 61. Ra8 Bd2 62. g4+ Kg6 63.
Ke4 Bb4 64. Ra6 Bd2 65. Kd5 Bc3 66. f3 h5 67. Ke4 Bd2 68. gxh5+ Kxh5 69.
Rxf6 Kh4 70. Kd3 Bc1 71. Rc6 Bf4 72. Rh6+ Kg3 73. Ke4 Bd2 74. Rd6 Bb4 75.
Rd5 Kh4 76. Kf5 Kh5 77. Rd4 Bc3 78. Rc4 Bd2 79. Rc2 Be3 80. Ra2 Bb6 81. Ra4
Bc7 82. Rc4 Bf4 83. Rc8 Kh4 84. Rh8+ Kg3 85. Ke4 Bd2 86. Rh7 Bf4 87. h4 1-0

[Event "XXXVI Capablanca Mem Premier I"]
[Site "Havana CUB"]
[Date "2001.05.16"]
[Round "10"]
[White "Valdes,Lu"]
[Black "Garcia Martinez,S"]
[Result "1/2-1/2"]
[WhiteElo "2413"]
[BlackElo "2378"]
[EventDate "2001.05.05"]

1. Nf3 Nf6 2. g3 g6 3. b3 Bg7 4. Bb2 O-O 5. Bg2 d5 6. c4 c6 7. O-O a5 8.
cxd5 Qxd5 9. Ne5 Qd8 10. d4 Ng4 11. Nd2 Nxe5 12. dxe5 Be6 13. Qc2 a4 14.
Rfd1 Nd7 15. Nf3 axb3 16. axb3 Rxa1 17. Bxa1 Qb6 18. Nd4 Bxe5 19. Nxe6 fxe6
20. e3 Bxa1 1/2-1/2